000 00437nam a22001937a 4500
003 MPLRDC
005 20220104124442.0
008 210129b ||||| |||| 00| 0 eng d
020 _a9971-940-05-1
082 _a859.6 PJ v.5
100 _a不详
245 _a打虎英雄
_c
250 _a再版
260 _a
_b普及出版社
_c1985
300 _b
490 _a亚洲民间故事
650 _a
942 _cBK
_o859.6 PJ v.5
999 _c19435
_d19425